| 000 | 00779nas a2200265Ia 4500 | ||
|---|---|---|---|
| 001 | A50/R024-16979 [r000015301] | ||
| 003 | IT-MiCISF | ||
| 008 | 161014c99999999xx |||||||||||| ||und|| | ||
| 040 |
_aIT-MiCISF _cIT-MiCISF |
||
| 041 | _aITALIANO | ||
| 100 | _aCampedelli Massimo | ||
| 210 | _aFamiglia oggi | ||
| 222 | _aFamiglia oggi | ||
| 245 | 0 | _aI superman del fine settimana | |
| 250 | _a1a ed. | ||
| 260 | _c1995 | ||
| 501 |
_bCISF - Centro Internazionale Studi Famiglia - Via Giotto, 36 20145 MILANO (non commercial uses only) _cCopyright 2016 |
||
| 300 | _app. 24-28 | ||
| 362 | _an. 11, novembre [1995] | ||
| 500 | _a Tema: società , tossicodipendenza | ||
| 650 |
_asocietà _varticolo |
||
| 700 | _aAA.VV. | ||
| 942 | _cCR | ||
| 957 | _71 | ||
| 999 |
_a16979 _bSi _g1 _c227769 _d227769 |
||